Hybrid - F1 and Football Quiz - Statistics

General Stats
  • This quiz has been taken 82 times
  • The average score is 8 of 15
Answer Stats
Hint Answer % Correct
Where is Aryton Senna From? Brazil
97%
What is Hamilton's and Ronaldo's numbers combined? 51
85%
How many Champions Leagues have Real Madrid won? (2022) 14
72%
Who is Newcastle's all time top goal scorer? Alan Shearer
69%
Who won the 2021 World Driver's Championship? Lewis Hamilton
66%
Who was the youngest World Champion in F1? Sebastian Vettel
62%
What Year was Pirelli Tyres introduced? 2011
52%
Where was Erling Haaland born? Leeds, England
49%
Who did Manchester City beat in the finalgame of the 2012 Season? QPR
44%
Who has the highest win percentage in F1? Juan Manuel Fangio
39%
Who got the golden boot in the 2014 World Cup? James Rodriguez
38%
What F1 team did Chelsea sponsor? Sauber
38%
What Nickname of Sheffield Untied? The Blades
28%
Who won the European Cup in 1982? Aston Villa
20%
Slowest corner In F1? Lowes hairpin
18%
No matching quizzes found
Score Distribution
Percent of People with Each Score
Percentile by Number Answered
Your Score History
You have not taken this quiz